Young Folks- Peter Bjorn and John - Statistics

General Stats
  • This quiz has been taken 15 times
  • The average score is 235 of 307
Answer Stats
Answer % Correct
and
100%
And
100%
did
100%
do
100%
go
100%
I
100%
me?
100%
me
100%
the
100%
to
100%
We
100%
we
100%
with
100%
you
100%
about
90%
along
90%
be
90%
'bout
90%
care
90%
folks
90%
like
90%
someone
90%
Talking
90%
talking
90%
Who
90%
Would
90%
would
90%
young
90%
before
80%
don't
80%
for
80%
If
80%
old
80%
on
80%
told
80%
Told
80%
didn't
70%
It
70%
my
70%
No
70%
things
70%
used
70%
all
60%
All
60%
can
60%
could
60%
how
60%
I'm
60%
is
60%
lead
60%
nowhere
60%
only
60%
see
60%
story
60%
tell
60%
Where
60%
word
60%
are
50%
around
50%
disappear
50%
doesn't
50%
going
50%
Had
50%
had
50%
knew
50%
matter
50%
of
50%
share
50%
something
50%
stick
50%
still
50%
this
50%
what
50%
when
50%
Everyone
40%
far
40%
faults
40%
gone
40%
history
40%
leaving
40%
night
40%
one
40%
our
40%
own
40%
People
40%
seems
40%
style
40%
tend
40%
through
40%
too
40%
Usually
40%
will
40%
styles
30%
their
30%
unless
30%
were
30%
has
20%
Hours
20%
there's
20%
hanging
10%
suprise
0%
No matching quizzes found
Score Distribution
Percent of People with Each Score
Percentile by Number Answered
Your Score History
You have not taken this quiz